01683nam a2200301 a 450000100100000000500170001000800410002704000250006808200210009310000470011424501020016126001050026330000210036849000440038959000260043360000490045965000280050865000310053670000610056783000530062891000390068195201340072095201340085495201340098895201190112295201250124199900150136600001021720240412074216.0091005s1994 dr 001 p spa d aDO-SdBNPbspacBNPHU aRD861.44bH557co aHernández Rueda, Lupo,d1930-201792379010aComo naciendo aún (1953-1993) /cLupo Hernández Rueda; prólogo Antonio Fernández Spencer. aSanto Domingo :bDepartamento de Cultura y Publicaciones, Universidad Interamericana (UNICA),c1994. a368 p. ;c23 cm.1 aAutores dominicanos contemporáneosv1 aInventariado, 2018/LP10aHernández Rueda, Lupo, d1930 -2017925215 0aPoesía dominicana966 0aLiteratura dominicana.9671 aFernández Spencer, Antonio,d1922-1995epról.922525 0aAutores dominicanos contemporáneos ;n1925216 aValidado. Control de calidad BNPHU 001054708DSaGRbGRcHDd2009-10-05iLF1l0oRD861.44 H557cop10217-30r2020-06-25te. 3w2020-06-25yLFDSZPréstamo en sala 001054708DSaGRbGRcHDd2009-10-05iLF1l0oRD861.44 H557cop10217-40r2020-06-25te. 4w2020-06-25yLFDSZPréstamo en sala 001054708DSaGRbGRcHDd2009-10-05iLF1l0oRD861.44 H557cop10217-50r2020-06-25te. 5w2020-06-25yLFDSZPréstamo en sala 0010718PDaPDbPDcHDd2009-10-05iLF1l0oRD861.44 H557cop10217-10r2020-06-25w2020-06-25yLFPDZNo se presta 0010718PDaPDbPDcHDd2009-10-05iLF1l0oRD861.44 H557cop10217-20r2020-06-25te. 2w2020-06-25yLFPDZNo se presta c9976d9976